000 00887nam a2200301Ia 4500
003 OSt
005 20220912145351.0
006 a|||||r|||| 00| 0
007 ta
008 220909b |||||||| |||| 00| 0 eng d
020 _a8131715574 (pbk)
024 _a97566
037 _b739, 13/03/2010, Dhanraj Book House
037 _cTextbook
040 _aCSL
_beng
_cCSL
041 _aeng
082 _aG:5, P6 TEB
100 _aSmith Thomas M
245 0 _aElements of ecology
250 _a6
260 _aNew Delhi
_bPearson Education
_c2006
300 _axxiv, 658p.
_ccm.
500 _aReferences R1-R18p.; Glossary G1-G14p.; Index I1-I14p.
650 _aEnvironmental Biology
700 _a Smith Robert Leo
942 _hG:5, P6 TEB
_cTB
_2CC
999 _c30027
_d30027